| 000 | 00945nam a22002897a 4500 | ||
|---|---|---|---|
| 001 | 7644 | ||
| 003 | FISKH | ||
| 005 | 20250729114337.0 | ||
| 008 | 250729b cb ||||| |||| 00| 0 eng d | ||
| 020 | _a0590459279 | ||
| 040 |
_aFISKH _beng _cFISKH _dFISKH |
||
| 050 | _aGT4403 .C464 | ||
| 082 | _a394.2 | ||
| 100 | _aChocolate, Deborah M. Newton | ||
| 245 |
_aMy first Kwanzaa book / _cBy Deborah M. Newton Chocolate : Illustrated by Cal Massey |
||
| 250 | _aFirst Scholastic printing, October 1992 | ||
| 260 |
_aNew York : _bScholastic , _c1992. |
||
| 300 |
_a20 unnumbered pages : _bcolor illustrations ; _c21 x 25 cm . |
||
| 505 | _aZ | ||
| 520 | _aIntroduces Kwanzaa, the holiday in which Afro-Americans celebrate their cultural heritage. | ||
| 521 | 8 |
_a910
_bLexile |
|
| 521 | 8 |
_aZ
_bRaz-Plus |
|
| 650 |
_aMulticultural _vFiction |
||
| 700 |
_aMassey, Cal _eIllustrator |
||
| 942 |
_2ddc _cBK _n0 |
||
| 999 |
_c7644 _d7644 |
||